Documento expedido por el Conde de la Torre Cosío (Record no. 4684)
[ view plain ]
| 000 -CABECERA | |
|---|---|
| campo de control de longitud fija | 01599nam a2200313 a 4500 |
| 001 - NÚMERO DE CONTROL | |
| campo de control | BRCA_4990 |
| 005 - FECHA Y HORA DE LA ÚLTIMA TRANSACCIÓN | |
| campo de control | 20190320204907.0 |
| 008 - DATOS DE LONGITUD FIJA--INFORMACIÓN GENERAL | |
| campo de control de longitud fija | 281010m17841785mx-######v---#000-0#spa-# |
| 041 ## - CÓDIGO DE LENGUA | |
| Código de lengua del texto/banda sonora o título independiente | spa |
| 044 ## - CÓDIGO DEL PAÍS DE LA ENTIDAD EDITORA/PRODUCTORA | |
| Código MARC del país | mx |
| 084 ## - OTRO NÚMERO DE CLASIFICACIÓN | |
| Número de clasificación | DOC85 |
| Número de documento/Ítem | .G66 |
| -- | 1784 |
| 100 1# - ENTRADA PRINCIPAL--NOMBRE DE PERSONA | |
| Nombre de persona | González de Cosío, Juan Manuel |
| Títulos y otros términos asociados al nombre | Conde |
| 9 (RLIN) | 12710 |
| 245 10 - MENCIÓN DE TÍTULO | |
| Título | Documento expedido por el Conde de la Torre Cosío |
| Mención de responsabilidad, etc. | Conde de la Torre Cosío, Francisco Antonio Crespo. |
| 260 ## - PUBLICACIÓN, DISTRIBUCIÓN, ETC. | |
| Lugar de publicación, distribución, etc. | México |
| Fecha de publicación, distribución, etc. | 1784-1785 |
| 300 ## - DESCRIPCIÓN FÍSICA | |
| Extensión | [14] fojas |
| Dimensiones | 31 x 22 cm |
| 500 ## - NOTA GENERAL | |
| Nota general | Documento solicitado el 30 de marzo de 1784 |
| 500 ## - NOTA GENERAL | |
| Nota general | El Conde de la Torre Cosío, dueño de varias casas situadas en San Francisco, Colegio de Niñas y el Coliseo Nuevo, pide informes de los gravámenes e hipotecas que reportan dichas propiedades ante Don Francisco Antonio Crespo, Corregidor de la ciudad. Información que se le dá |
| 500 ## - NOTA GENERAL | |
| Nota general | El documento tiene la leyenda DOC. #245 |
| 500 ## - NOTA GENERAL | |
| Nota general | Al margen sello con escudo Español y leyenda: SELLO SEGUNDO. SEIS REALES. AÑOS DE MIL SETECIENTOS OCHENTA Y QUATRO Y OCHENTA Y CINCO |
| 500 ## - NOTA GENERAL | |
| Nota general | Papel con marca de agua |
| 500 ## - NOTA GENERAL | |
| Nota general | Estado de conservación: Contiene en los márgenes roturas, dobleces y rastros de acidificación |
| 506 0# - NOTA DE RESTRICCIONES AL ACCESO | |
| Limitaciones de acceso | Fondo reservado: para su consulta es necesario credencial de usuario y carta de motivos |
| 546 ## - NOTA DE LENGUA/LENGUAJE | |
| Nota de lengua/lenguaje | Texto en: español de finales del siglo XVIII |
| 600 14 - PUNTO DE ACCESO ADICIONAL DE MATERIA--NOMBRE DE PERSONA | |
| Nombre de persona | González de Cosío, Juan Manuel |
| Títulos y otros términos asociados al nombre | Conde |
| 9 (RLIN) | 12710 |
| 651 #4 - PUNTO DE ACCESO ADICIONAL DE MATERIA--NOMBRE GEOGRÁFICO | |
| Nombre geográfico | México |
| Subdivisión de forma | Manuscrito |
| Subdivisión general | Historia |
| Subdivisión cronológica | Colonia, 1521-1821 |
| 9 (RLIN) | 12711 |
| 700 1# - PUNTO DE ACCESO ADICIONAL--NOMBRE DE PERSONA | |
| Nombre de persona | Crespo, Francisco Antonio |
| 9 (RLIN) | 12712 |
| 902 ## - CATALOGADOR | |
| Iniciales | FDH |
| 942 ## - ELEMENTOS DE PUNTO DE ACCESO ADICIONAL (KOHA) | |
| Fuente del sistema de clasificación o colocación | Library of Congress Classification |
| Tipo de ítem Koha | Documentos |
| Estado de retiro | Estado de pérdida | Estado dañado | No para préstamo | Localización permanente | Ubicación/localización actual | Fecha de adquisición | Total de préstamos | Signatura topográfica completa | Código de barras | Fecha visto por última vez | Precio válido a partir de | Tipo de ítem Koha |
|---|---|---|---|---|---|---|---|---|---|---|---|---|
| El ejemplar forma parte de la colección y puede ser consultado según las políticas vigentes. | Biblioteca del Museo Franz Mayer (Rogerio Casas-Alatriste) | Biblioteca del Museo Franz Mayer (Rogerio Casas-Alatriste) | 28/10/2010 | DOC85 .G66 1784 | 5074 | 22/03/2019 | 22/03/2019 | Documentos |